| 000 | 00653nam a2200205 i 4500 | ||
|---|---|---|---|
| 001 | 149617 | ||
| 003 | ES-MaACL | ||
| 005 | 20250730061443.0 | ||
| 007 | t| | ||
| 008 | 071023s1929 po ||||1| por d | ||
| 100 | 1 |
_aVasconcellos, Ernesto de. _9113264 |
|
| 245 | 1 | 0 |
_aPortugal _b: as colónias / _cErnesto de Vasconcellos. |
| 260 |
_aLisboa : _b[s.n.], _c1929 ( _fImp. Nacional) |
||
| 300 |
_a46 p. : _bil. ; _c25 cm. |
||
| 594 | _aEsposição Portuguesa en Sevilla. | ||
| 651 | 7 |
_aPortugal- _xColonias _2 _9137318 |
|
| 711 | 2 |
_aExposición Ibero-Americana ( _d1929-1930. _cSevilla) _9693 |
|
| 852 |
_aES-MaACL _j1745-F-3 |
||
| 999 |
_c149617 _d149617 |
||